000 00340nam a2200133Ia 4500
008 240624s9999 xx 000 0 und d
041 _aeng
082 _a336.2 TAB
100 _aSINGHANIA V K
245 _aTAX COMPUTATION ON CD WITH FRINGE BENEFI
260 _c2005
_aNew Delhi
_bTaxmann
300 _ax, : 159 : p. : cm. ; 23
365 _cRS
999 _c2784
_d2784